| 000 | 00920 a2200241 4500 | ||
|---|---|---|---|
| 005 | 20080826171741.0 | ||
| 008 | 080826t xxu||||| |||| 00| 0 eng d | ||
| 010 | _aENG-87238 | ||
| 020 |
_a9788184500158 _c1250.00 |
||
| 035 | _aEN-70771 | ||
| 037 | _bDBAD / PUB | ||
| 082 | _a332.1068 | ||
| 245 |
_aRisk management in banking and insurance _cedited by S.B. Verma, Yogesh Upadhyay [and] R.K. Shrivastawa |
||
| 260 |
_aNew Delhi _bDeep & Deep Publications _c2007 |
||
| 270 |
_aF-159, Rajouri Garden _bNew Delhi _e110 027 |
||
| 300 |
_axv, 432p. _c22cm (Hb ) |
||
| 500 | _aIncludes index | ||
| 700 | _aVerma, S.B. | ||
| 700 | _aUpadhyay, Yogesh | ||
| 700 | _aShrivastava,, R.K. | ||
| 942 |
_adpl _cEN _k332.1068 / RES _2ddc _h332.1068 _mRES |
||
| 999 |
_c6264 _d6264 |
||